| 000 | 00570nam a22001577a 4500 | ||
|---|---|---|---|
| 008 | 160905b xxu||||| |||| 00| 0 eng d | ||
| 020 | _a971-550-126-5 | ||
| 082 | _aDFil 301 N61 1994 | ||
| 100 |
_914124 _aNimmo, H. Arlo. |
||
| 245 |
_aThe songs of Salanda and other stories of Sulu/ _cH. Arlo Nimmo. |
||
| 260 |
_aQuezon City: _bAteneo de Manila University Press, _cc1994. |
||
| 300 |
_ax, 237 pages; _c23 cm. |
||
| 650 | 0 |
_914125 _aAnthropologists _xFiction. _zPhilippines _zSulu Archipelago |
|
| 650 | 0 |
_914127 _aBajau (Southeast Asian people) _vFiction. |
|
| 942 |
_2ddc _cDFIC |
||
| 999 |
_c4347 _d4347 |
||